|
|
|
|
| LEADER |
00000cam a22000002c 4500 |
| 001 |
1321631030 |
| 003 |
DE-627 |
| 005 |
20260521103103.0 |
| 007 |
tu |
| 008 |
060303s1963 xx ||||| 00| ||por c |
| 035 |
|
|
|a (DE-627)1321631030
|
| 035 |
|
|
|a (DE-576)251631036
|
| 035 |
|
|
|a (DE-599)BSZ251631036
|
| 040 |
|
|
|a DE-627
|b ger
|c DE-627
|e rakwb
|
| 041 |
|
|
|a por
|
| 084 |
|
|
|a 2,1
|2 ssgn
|
| 100 |
1 |
|
|a Correia, Eduardo
|d 1915-1991
|0 (DE-588)1309264031
|0 (DE-627)1869939018
|4 aut
|
| 109 |
|
|
|a Correia, Eduardo 1915-1991
|
| 245 |
1 |
0 |
|a Código penal
|b projecto da parte geral
|c Eduardo Correia
|
| 264 |
|
1 |
|a [S.l.]
|c 1963
|
| 300 |
|
|
|a 134 S.
|
| 336 |
|
|
|a Text
|b txt
|2 rdacontent
|
| 337 |
|
|
|a ohne Hilfsmittel zu benutzen
|b n
|2 rdamedia
|
| 338 |
|
|
|a Band
|b nc
|2 rdacarrier
|
| 500 |
|
|
|a Aus: Boletim do Ministério da Justiça, Nr. 127
|
| 583 |
1 |
|
|a Archivierung prüfen
|c 20200919
|f DE-640
|z 1
|2 pdager
|
| 650 |
|
4 |
|a Strafrecht
|7 (dpeaa)DE-2619
|
| 651 |
|
7 |
|0 (DE-588)4046843-4
|0 (DE-627)104616865
|0 (DE-576)209071230
|a Portugal
|2 gnd
|7 (dpeaa)DE-2619
|
| 935 |
|
|
|a mkri
|
| 951 |
|
|
|a BO
|
| ELC |
|
|
|b 1
|
| LOK |
|
|
|0 000 xxxxxcx a22 zn 4500
|
| LOK |
|
|
|0 001 2503980635
|
| LOK |
|
|
|0 003 DE-627
|
| LOK |
|
|
|0 004 1321631030
|
| LOK |
|
|
|0 005 20060303145030
|
| LOK |
|
|
|0 008 060303||||||||||||||||ger|||||||
|
| LOK |
|
|
|0 040
|a DE-Frei85
|c DE-627
|d DE-Frei85
|
| LOK |
|
|
|0 852
|a DE-Frei85
|
| LOK |
|
|
|0 852 1
|m p
|9 00
|
| LOK |
|
|
|0 938
|k p
|
| LOK |
|
|
|0 939
|a 2006-03-03
|b l01
|
| LOK |
|
|
|0 000 xxxxxcx a22 zn 4500
|
| LOK |
|
|
|0 001 4196257593
|
| LOK |
|
|
|0 003 DE-627
|
| LOK |
|
|
|0 004 1321631030
|
| LOK |
|
|
|0 005 20221011150541
|
| LOK |
|
|
|0 008 221011||||||||||||||||ger|||||||
|
| LOK |
|
|
|0 035
|a (DE-2619)k03993
|
| LOK |
|
|
|0 040
|a DE-2619
|c DE-627
|d DE-2619
|
| LOK |
|
|
|0 092
|o n
|
| LOK |
|
|
|0 541
|e Bestand Albert-Krebs-Bibliothek: 2003-1107
|
| LOK |
|
|
|0 852
|a DE-2619
|
| LOK |
|
|
|0 852 1
|c LZ.10.040
|m p
|9 00
|
| LOK |
|
|
|0 935
|a kreb
|
| LOK |
|
|
|0 938
|k p
|
| LOK |
|
|
|0 939
|a 2022-10-11
|b l01
|
| ORI |
|
|
|a WA-MARC-krimdoka001.raw
|